Mayo del '68 : la primavera de la utopía /
Guardado en:
| Autor Principal: | |
|---|---|
| Formato: | Libro |
| Publicado: |
Buenos Aires :
Longseller,
2001
|
| Series: | Compendios; No. 8
|
| Materias: | |
| Etiquetas: |
Agregar Etiqueta
Sin Etiquetas, Sea el primero en etiquetar este registro!
|
| LEADER | 00628nam a22002175a 4500 | ||
|---|---|---|---|
| 001 | CEM.cems011845 | ||
| 005 | 20070606174054.0 | ||
| 008 | 130507s2001##################000#0#####d | ||
| 003 | CEMS | ||
| 020 | |a 9875500070 | ||
| 082 | 0 | 4 | |a 323.2 |
| 100 | 1 | |a Gómez Sánchez, Omar | |
| 245 | 1 | 0 | |a Mayo del '68 : |b la primavera de la utopía / |c Omar Gómez Sánchez |
| 260 | |a Buenos Aires : |b Longseller, |c 2001 | ||
| 300 | |a 95 p. | ||
| 490 | 0 | |a Compendios; No. 8 | |
| 653 | |a Sociología | ||
| 653 | |a Mayo fránces-1968 | ||
| 653 | |a Política | ||
| 653 | |a Conflictos sociales | ||
| 859 | |a CEMS |b BIB. CEMS - 11 de abril |h 323.2 |i G585 |p 22912.05 |t Ej.1 | ||
